Quả cầu F30 tiếng Anh

Guardat en:
Dades bibliogràfiques
Format: Llibre
Idioma:Undetermined
Publicat: Hà Nội Bản đồ 2010
Matèries:
Etiquetes: Afegir etiqueta
Sense etiquetes, Sigues el primer a etiquetar aquest registre!
Thư viện lưu trữ: Trung tâm Học liệu Trường Đại học Cần Thơ
LEADER 00519nam a2200181Ia 4500
001 CTU_185507
008 210402s9999 xx 000 0 und d
020 |c 153300 
082 |a 912 
082 |b Qu100 
245 0 |a Quả cầu F30 tiếng Anh 
245 0 |c Tài nguyên Môi trường và Bản đồ Việt Nam 
260 |a Hà Nội 
260 |b Bản đồ 
260 |c 2010 
650 |a Atlases of the world 
904 |i Hải 
980 |a Trung tâm Học liệu Trường Đại học Cần Thơ